000 01051nam a2200313 i 4500
001 47419
003 KOSZ 005
005 20220308152635.0
008 001010s1982 uk f |000 0 eng d
020 _a0153119047
040 _cKOSZ 005
_aKOSZ 005
_dKOSZ 005/HR
041 0 _aeng
080 _a811.111'36
100 1 _aWarriner, John E.
_eAutor
245 1 0 _aEnglish grammar and composition :
_bfifth course /
_cJohn E. Warriner ; Joseph Mersand ; Francis Griffith.
250 _aHeritage edition.
260 _aNew York [etc.],
_ccop. 1977 ;
_aNew York [etc.] :
_bHarcourt Brace Jovanovich
_cc. 1982.
300 _aXIII, 642 pp ;
_c21 cm.
380 _aKsiążki
388 _a1901-2000
388 _a1945-1989
505 _aIncludes index.
650 7 _aJęzyk angielski
655 _aPodręcznik
700 1 _aMersand, Joseph
_eAutor
700 1 _aGriffith, Francis
_eAutor
856 _uhttp://koha.tu.koszalin.pl/cgi-bin/koha/opac-detail.pl?biblionumber=47419
_yKatalog online BPK
942 _cKS
_2UKD
999 _c47419
_d47419